Bratislavský kraj a eurofondy menšie cezhraničné projekty otvárajú priestor pre veľké investície

Spolupráca regiónov ležiacich popri rieke Dunaj, projekt Dunajskej stratégie. Bratislavský samosprávny kraj (BSK) a spolupráca s maďarskou župou Györ-Moson- Sopron. Možnosť čerpania prostriedkov z fondov EÚ. Rozvoj ďalších spoločných projektov.

Salvato in:
Dettagli Bibliografici
Autore principale: Nemeček, Miloš
Natura: Capitolo di libro
Lingua:slovacco
Soggetti:
Tags: Aggiungi Tag
Nessun Tag, puoi essere il primo ad aggiungerne!!

MARC

LEADER 00000naa a2200000 4500
001 0122805
005 20220725111323.8
041 0 |a slo 
044 |a SK 
245 1 0 |a Bratislavský kraj a eurofondy  |b menšie cezhraničné projekty otvárajú priestor pre veľké investície  |c Miloš Nemeček 
520 |a Spolupráca regiónov ležiacich popri rieke Dunaj, projekt Dunajskej stratégie. Bratislavský samosprávny kraj (BSK) a spolupráca s maďarskou župou Györ-Moson- Sopron. Možnosť čerpania prostriedkov z fondov EÚ. Rozvoj ďalších spoločných projektov. 
610 2 0 |a politika regionálna 
610 2 0 |a euroregióny 
610 2 0 |a vyššie územné celky 
610 2 0 |a projekty 
610 2 0 |a financovanie 
610 2 0 |a fondy štruktúrne 
610 2 0 |a prostredie krajinné 
610 2 0 |a plánovanie územné 
610 2 0 |a spolupráca cezhraničná 
100 1 |a Nemeček, Miloš